[Event "Mallorca-chT Preferente"]
[Site "Mallorca"]
[Date "2021.03.13"]
[Round "2"]
[White "Vasquez Schroder, Rodrigo Rafael"]
[Black "Oneto Zarco, Jose"]
[Result "1-0"]
[WhiteElo "2456"]
[BlackElo "1948"]
[PlyCount "102"]
[EventDate "2021.03.06"]
[EventType "team-swiss"]
[EventRounds "7"]
[EventCountry "ESP"]
[SourceTitle "EXT 2023"]
[Source "ChessBase"]
[SourceDate "2022.10.05"]
[SourceVersion "1"]
[SourceVersionDate "2022.10.05"]
[SourceQuality "1"]
[WhiteTeam "Tropic"]
[BlackTeam "Alcudia"]
[WhiteTeamCountry "ESP"]
[BlackTeamCountry "ESP"]

1. d4 f5 2. g3 Nf6 3. Bg2 d5 4. Nh3 e6 5. 0-0 Bd6 6. c4 c6 7. Qc2 0-0 8. Bf4 Na6 9. a3 Nc7 10. Nd2 Nce8 11. c5 Bc7 12. Nf3 Ne4 13. Bxc7 Qxc7 14. Nf4 N8f6 15. Rac1 Ng4 16. Nd3 Qe7 17. Nfe5 Nef6 18. b4 a6 19. a4 Nxe5 20. dxe5 Ng4 21. h3 Nh6 22. Qd2 Bd7 23. f4 Qf7 24. Ra1 Qg6 25. Kh2 Kh8 26. Bf3 Rfb8 27. Rg1 Qf7 28. g4 g6 29. e3 Qe7 30. Qf2 Rg8 31. h4 fxg4 32. Bxg4 Nf5 33. Kh3 Raf8 34. Rg2 Be8 35. Rag1 Rg7 36. Bxf5 Rxf5 37. Ne1 Rgf7 38. Nf3 Rg7 39. Rg5 Rxg5 40. hxg5 h5 41. gxh6 Rh7 42. Rg4 Rxh6+ 43. Rh4 Rxh4+ 44. Qxh4+ Qxh4+ 45. Kxh4 Kg7 46. Kg5 Bd7 47. Nh2 Be8 48. Ng4 Bf7 49. Nf6 Kf8 50. Kh6 Ke7 51. Kg7 Be8 1-0

[Event "Mallorca-chT Preferente"]
[Site "Palma de Mallorca"]
[Date "2020.02.08"]
[Round "2.4"]
[White "Vicens Company, Maria Antonia"]
[Black "Oneto Zarco, Jose"]
[Result "1-0"]
[WhiteElo "1855"]
[BlackElo "1932"]
[PlyCount "83"]
[EventDate "2020.02.01"]
[EventType "team-tourn"]
[EventRounds "9"]
[EventCountry "ESP"]
[SourceTitle "CBM 195 Extra"]
[Source "ChessBase"]
[SourceDate "2020.05.31"]
[SourceVersion "1"]
[SourceVersionDate "2020.05.31"]
[SourceQuality "1"]
[WhiteTeam "Tropic"]
[BlackTeam "Alcudia"]
[WhiteTeamCountry "ESP"]
[BlackTeamCountry "ESP"]

1. d4 f5 2. g3 Nf6 3. Bg2 d5 4. c4 e6 5. Nc3 c6 6. Qb3 Bd6 7. Nh3 0-0 8. 0-0 Nbd7 9. cxd5 exd5 10. Bf4 Qe7 11. Rfe1 Kh8 12. Rad1 Nb6 13. Bxd6 Qxd6 14. Nf4 Ng4 15. h3 Nf6 16. Na4 Nxa4 17. Qxa4 Ne4 18. e3 Bd7 19. Qb3 Rab8 20. Rc1 g5 21. Nd3 Be8 22. Qb4 Qxb4 23. Nxb4 Bh5 24. Nd3 Rfe8 25. Bxe4 fxe4 26. Ne5 Kg7 27. g4 Bf7 28. Rc5 Be6 29. Kg2 Rf8 30. b4 a6 31. a4 Rfc8 32. Rb1 Kf6 33. b5 cxb5 34. Rxc8 Rxc8 35. axb5 a5 36. b6 a4 37. Ra1 Ra8 38. Ra3 Ke7 39. f4 exf3+ 40. Nxf3 Bd7 41. Ne5 Be6 42. Nd3 1-0

[Event "Mallorca-chT Preferente"]
[Site "Mallorca"]
[Date "2016.03.19"]
[Round "9.4"]
[White "Oneto Zarco, Jose"]
[Black "Vicens Company, Maria Antonia"]
[Result "1-0"]
[WhiteElo "1963"]
[BlackElo "1806"]
[PlyCount "79"]
[EventDate "2016.03.01"]
[EventType "team-tourn"]
[EventRounds "9"]
[EventCountry "ESP"]
[SourceTitle "EXT 2024"]
[Source "ChessBase"]
[SourceDate "2023.10.10"]
[SourceVersion "1"]
[SourceVersionDate "2023.10.10"]
[SourceQuality "1"]
[WhiteTeam "Alcudia"]
[BlackTeam "Blau Escacs Calvia"]
[WhiteTeamCountry "ESP"]
[BlackTeamCountry "ESP"]

1. e4 c5 2. Nf3 Nc6 3. d4 cxd4 4. Nxd4 e5 5. Nb5 a6 6. Nd6+ Bxd6 7. Qxd6 Qf6 8. Qa3 Qg6 9. Nc3 Nd4 10. Bd3 Qxg2 11. Rf1 Nf3+ 12. Kd1 Ne7 13. Be3 Nxh2 14. Re1 d5 15. exd5 Nxd5 16. Nxd5 Qxd5 17. c4 Qc6 18. Rc1 Bg4+ 19. Kc2 0-0-0 20. Kb1 g6 21. Ka1 Qd6 22. Qxd6 Rxd6 23. Bc2 Nf3 24. Rh1 h5 25. Ba4 Nd4 26. b4 Bf3 27. Rh3 Be4 28. f4 f6 29. fxe5 fxe5 30. Rh4 Bf3 31. b5 Nf5 32. Bc5 Rd2 33. Rh3 Bg4 34. Ra3 Kc7 35. bxa6 bxa6 36. Bc2 h4 37. Rxa6 Nd4 38. Be4 Rc8 39. Ra7+ Kd8 40. Be7+ 1-0

[Event "ESP-ch Seniors 10th"]
[Site "Mondariz"]
[Date "2012.10.16"]
[Round "7"]
[White "Oneto Zarco, Jose"]
[Black "Vinal Gutierrez, Pedro"]
[Result "1-0"]
[WhiteElo "2013"]
[BlackElo "2009"]
[PlyCount "139"]
[EventDate "2012.10.10"]
[EventType "swiss"]
[EventRounds "9"]
[EventCountry "ESP"]
[SourceTitle "EXT 2013"]
[Source "ChessBase"]
[SourceDate "2012.11.22"]
[SourceVersion "1"]
[SourceVersionDate "2012.11.22"]
[SourceQuality "1"]

1. e4 e6 2. d4 d5 3. Nc3 Bb4 4. e5 Qd7 5. a3 Bxc3+ 6. bxc3 b6 7. Nf3 Ne7 8. Bd3 Nbc6 9. 0-0 Bb7 10. Qe2 0-0-0 11. Ba6 h6 12. Bxb7+ Kxb7 13. Be3 Na5 14. Nd2 Qc6 15. Qd3 Nc4 16. Rfb1 a5 17. a4 Nxd2 18. Qxd2 Qc4 19. Qd3 g5 20. Rb5 Rdg8 21. Bd2 g4 22. Rbb1 h5 23. Rf1 Nf5 24. Qxc4 dxc4 25. Bf4 h4 26. g3 Rh7 27. Kg2 Kc6 28. Rab1 Rgh8 29. Rh1 hxg3 30. fxg3 Ne7 31. Bd2 Nd5 32. Rb5 Kd7 33. Rbb1 c6 34. Ra1 Kc7 35. Rab1 Rh5 36. Rbc1 R8h7 37. Rb1 Kb7 38. Rbc1 b5 39. Rb1 Ka6 40. Ra1 b4 41. cxb4 axb4 42. a5 c3 43. Bf4 Rh8 44. Ra2 Nc7 45. Be3 Kb5 46. Raa1 Na6 47. Raf1 R8h7 48. Ra1 c5 49. dxc5 Rxe5 50. Kf2 Rf5+ 51. Kg2 Rfh5 52. Bf2 Rh8 53. Be3 Nxc5 54. Bxc5 Kxc5 55. a6 Kc4 56. a7 Ra8 57. Rhf1 Rd5 58. Rxf7 Rd2+ 59. Rf2 Rxc2 60. Rxc2 b3 61. Ra4+ Kd3 62. Rf2 b2 63. Rb4 c2 64. Rb3+ Kc4 65. Rxb2 c1Q 66. Rbc2+ Qxc2 67. Rxc2+ Kd4 68. Ra2 e5 69. Kf2 Ke4 70. Ke2 1-0

[Event "ESP-ch Seniors 10th"]
[Site "Mondariz"]
[Date "2012.10.14"]
[Round "5"]
[White "Oneto Zarco, Jose"]
[Black "Ciuro Munoz, Ricardo"]
[Result "1/2-1/2"]
[WhiteElo "2013"]
[BlackElo "2087"]
[PlyCount "66"]
[EventDate "2012.10.10"]
[EventType "swiss"]
[EventRounds "9"]
[EventCountry "ESP"]
[SourceTitle "EXT 2013"]
[Source "ChessBase"]
[SourceDate "2012.11.22"]
[SourceVersion "1"]
[SourceVersionDate "2012.11.22"]
[SourceQuality "1"]

1. e4 e6 2. d4 d5 3. Nd2 c5 4. Ngf3 Nc6 5. c3 cxd4 6. cxd4 dxe4 7. Nxe4 Nf6 8. Bd3 Be7 9. 0-0 0-0 10. Be3 Nb4 11. Bb1 Nbd5 12. Qd3 g6 13. Bh6 Re8 14. Ne5 Nxe4 15. Qxe4 Bf8 16. Bxf8 Rxf8 17. Rd1 Bd7 18. Bc2 Rc8 19. Rac1 Bc6 20. Qg4 Nf6 21. Qh4 Kg7 22. Bb3 Bd5 23. Bxd5 Qxd5 24. b3 Rfd8 25. Nf3 h6 26. Qf4 Qe4 27. Qxe4 Nxe4 28. Rc4 b5 29. Rcc1 Nc3 30. Re1 Ne2+ 31. Rxe2 Rxc1+ 32. Re1 Rxe1+ 33. Nxe1 Rxd4 1/2-1/2

[Event "ESP-ch Seniors 10th"]
[Site "Mondariz"]
[Date "2012.10.13"]
[Round "4"]
[White "Salgado Gonzalez, Julio"]
[Black "Oneto Zarco, Jose"]
[Result "0-1"]
[WhiteElo "1836"]
[BlackElo "2013"]
[PlyCount "86"]
[EventDate "2012.10.10"]
[EventType "swiss"]
[EventRounds "9"]
[EventCountry "ESP"]
[SourceTitle "EXT 2013"]
[Source "ChessBase"]
[SourceDate "2012.11.22"]
[SourceVersion "1"]
[SourceVersionDate "2012.11.22"]
[SourceQuality "1"]

1. d4 Nf6 2. Nf3 e6 3. Bg5 Be7 4. e3 b6 5. Bd3 Bb7 6. Nbd2 d5 7. c3 h6 8. Bh4 Nbd7 9. 0-0 0-0 10. Rc1 c5 11. Re1 Ne4 12. Bxe7 Qxe7 13. c4 f5 14. Qe2 Rac8 15. a3 Qd6 16. Red1 Qe7 17. Nf1 Qf6 18. b4 cxd4 19. exd4 dxc4 20. Bxc4 Bd5 21. Ne3 Bxc4 22. Nxc4 Qe7 23. Re1 Ndf6 24. Nce5 Kh7 25. Qa6 Rc7 26. Nc6 Qd6 27. Nfe5 Rfc8 28. b5 Nd7 29. Nxd7 Qxd7 30. Qa4 Nd6 31. h3 Nxb5 32. d5 exd5 33. Re7 Qxe7 34. Nxe7 Rxc1+ 35. Kh2 R8c5 36. Nxf5 d4 37. g4 R1c3 38. Qd1 d3 39. Ng3 Nd6 40. h4 Rd5 41. Qf3 Rcc5 42. Ne4 d2 43. Nxd6 Rxd6 0-1

[Event "ESP-ch Seniors 10th"]
[Site "Mondariz"]
[Date "2012.10.11"]
[Round "2"]
[White "Diaz Franco, Francisco Jorge"]
[Black "Oneto Zarco, Jose"]
[Result "1-0"]
[WhiteElo "1987"]
[BlackElo "2013"]
[PlyCount "105"]
[EventDate "2012.10.10"]
[EventType "swiss"]
[EventRounds "9"]
[EventCountry "ESP"]
[SourceTitle "EXT 2013"]
[Source "ChessBase"]
[SourceDate "2012.11.22"]
[SourceVersion "1"]
[SourceVersionDate "2012.11.22"]
[SourceQuality "1"]

1. d4 Nf6 2. c4 e6 3. Nc3 b6 4. Bg5 h6 5. Bf4 Bb7 6. Nf3 Be7 7. h3 d6 8. e3 Nbd7 9. Be2 0-0 10. 0-0 Ne4 11. Qc2 f5 12. Rac1 Ndf6 13. Nd2 Nxd2 14. Qxd2 g5 15. Bh2 Kg7 16. d5 e5 17. Qc2 Qd7 18. f4 gxf4 19. exf4 e4 20. Nb5 c6 21. dxc6 Bxc6 22. Nd4 Bb7 23. Bg3 Rac8 24. Be1 d5 25. Bc3 Kg6 26. Qb3 Bc5 27. Rfd1 Qc7 28. Rf1 Rfd8 29. Rcd1 dxc4 30. Qc2 Nd5 31. Qd2 Nb4 32. Kh2 Bxd4 33. Bxd4 Nd3 34. Qe3 Kh7 35. Bxd3 cxd3 36. Be5 Qf7 37. g4 Rc2+ 38. Rf2 Rxf2+ 39. Qxf2 Rc8 40. Bc3 Qd5 41. Qe3 Qc5 42. Bd4 Qd5 43. Bc3 a5 44. Rg1 Rg8 45. Qxb6 d2 46. Qc7+ Kg6 47. gxf5+ Kh5 48. Rxg8 Qxg8 49. Bxd2 Qd5 50. Be3 Ba6 51. Qe5 Qd3 52. Qe8+ Kh4 53. Bf2+ 1-0

[Event "ESP-ch Seniors 10th"]
[Site "Mondariz"]
[Date "2012.10.10"]
[Round "1"]
[White "Oneto Zarco, Jose"]
[Black "Franco Ocampos, Zenon"]
[Result "0-1"]
[WhiteElo "2013"]
[BlackElo "2502"]
[PlyCount "60"]
[EventDate "2012.10.10"]
[EventType "swiss"]
[EventRounds "9"]
[EventCountry "ESP"]
[SourceTitle "EXT 2013"]
[Source "ChessBase"]
[SourceDate "2012.11.22"]
[SourceVersion "1"]
[SourceVersionDate "2012.11.22"]
[SourceQuality "1"]

1. c4 c5 2. Nf3 g6 3. Nc3 Bg7 4. g3 Nc6 5. Bg2 e5 6. 0-0 Nge7 7. e4 d6 8. d3 0-0 9. Rb1 h6 10. a3 a5 11. Nd5 Rb8 12. a4 f5 13. Nxe7+ Qxe7 14. Nd2 Bd7 15. exf5 gxf5 16. Nb3 b6 17. f4 Nb4 18. Na1 e4 19. dxe4 fxe4 20. Be3 Bc6 21. b3 d5 22. cxd5 Nxd5 23. Bc1 Nc3 24. Qc2 Nxb1 25. Qxb1 Rbd8 26. Nc2 Rd3 27. Ne3 Bd4 28. Re1 Qe6 29. Kh1 Qxb3 30. Qxb3+ Rxb3 0-1

[Event "Mallorca-chB"]
[Site "Palma de Mallorca"]
[Date "2011.12.10"]
[Round "7"]
[White "Boix Pons, Catalina"]
[Black "Oneto Zarco, Jose"]
[Result "1-0"]
[WhiteElo "1900"]
[BlackElo "2036"]
[PlyCount "127"]
[EventDate "2011.10.29"]
[EventType "swiss"]
[EventRounds "8"]
[EventCountry "ESP"]
[SourceTitle "EXT 2014"]
[Source "ChessBase"]
[SourceDate "2013.11.20"]
[SourceVersion "1"]
[SourceVersionDate "2013.11.20"]
[SourceQuality "1"]

1. d4 Nf6 2. c4 e6 3. Nc3 d5 4. Bg5 Nbd7 5. Nf3 c6 6. e3 Qa5 7. Qb3 Bb4 8. Rc1 Ne4 9. Bf4 0-0 10. Bd3 Ndf6 11. 0-0 Be7 12. h3 Qd8 13. Rfd1 Bd6 14. Bxd6 Qxd6 15. Ne5 Nxc3 16. bxc3 Nd7 17. Nf3 f5 18. c5 Qe7 19. c4 Qf6 20. Qc2 h6 21. Qc3 g5 22. Ne5 Kg7 23. Rb1 Rb8 24. Rb2 Nxe5 25. dxe5 Qe7 26. cxd5 exd5 27. Rdb1 f4 28. Bc2 fxe3 29. Qxe3 Rf4 30. Rb4 Bf5 31. Bxf5 Rxf5 32. Qb3 Rf7 33. Qc3 Kg8 34. Qg3 Qxc5 35. e6 Rff8 36. Rxb7 Rxb7 37. Rxb7 Qc1+ 38. Kh2 a5 39. h4 Qf4 40. hxg5 hxg5 41. Rc7 Rd8 42. Rxc6 d4 43. e7 Re8 44. Rg6+ Kf7 45. Qxf4+ gxf4 46. Rd6 Kxe7 47. Rxd4 Rf8 48. Ra4 Rf5 49. Kh3 Kf6 50. Kg4 Rg5+ 51. Kf3 Rc5 52. Kxf4 Rc2 53. Kg3 Rc5 54. f4 Kf5 55. Kh4 Rb5 56. g4+ Kg6 57. Rc4 Rb2 58. Ra4 Rb5 59. Kg3 Rc5 60. Kf3 Kf6 61. Ke4 Rb5 62. Kd4 Ke6 63. Kc4 Rd5 64. Ra3 1-0

[Event "ESP-ch Seniors"]
[Site "Mallorca"]
[Date "2004.10.20"]
[Round "9"]
[White "Antigua Padros, Jordi"]
[Black "Oneto Zarco, Jose"]
[Result "1-0"]
[WhiteElo "2179"]
[BlackElo "2120"]
[PlyCount "134"]
[EventDate "2004.10.12"]
[EventType "swiss"]
[EventRounds "9"]
[EventCountry "ESP"]
[SourceTitle "EXT 2005"]
[Source "ChessBase"]
[SourceDate "2004.11.15"]
[SourceVersion "1"]
[SourceVersionDate "2004.11.15"]
[SourceQuality "1"]

1. e4 c6 2. d4 d5 3. exd5 cxd5 4. Bd3 Nc6 5. c3 g6 6. Ne2 Bg7 7. Ng3 Nf6 8. 0-0 0-0 9. f4 e6 10. Nd2 a6 11. Nf3 b5 12. Ne5 Qb6 13. Qe2 b4 14. Kh1 bxc3 15. bxc3 Bb7 16. Ba3 Rfc8 17. Bc5 Qc7 18. Rab1 Bf8 19. Bb6 Qe7 20. Rb3 Nd7 21. Nxd7 Qxd7 22. a4 Bd6 23. Qb2 Rcb8 24. Ne2 Bc8 25. Rb1 Qe7 26. a5 Qh4 27. g3 Qe7 28. Ng1 f6 29. c4 Kg7 30. Nf3 Qd7 31. Qe2 Kf7 32. Qd2 Bc7 33. c5 Qe7 34. Re1 Qd7 35. Kg1 Bd8 36. Kf2 Bc7 37. Ra3 Bd8 38. h3 Be7 39. Ra2 Bb7 40. g4 h6 41. Qe3 f5 42. Kg2 Rg8 43. Rae2 Bc8 44. Bc2 Bf6 45. g5 hxg5 46. fxg5 Bg7 47. Ba4 Rh8 48. Bxc6 Qxc6 49. Ne5+ Bxe5 50. Qxe5 Re8 51. Qf6+ Kg8 52. Qxg6+ Kf8 53. Qf6+ Kg8 54. Qg6+ Kh8 55. h4 Qd7 56. Qxf5 Qg7 57. Qe5 Rf8 58. Qxg7+ Kxg7 59. Bc7 Ra7 60. Rf2 Rxc7 61. Rxf8 Kxf8 62. Kg3 Kg7 63. h5 Rf7 64. Re5 Rf1 65. Kg4 Rd1 66. g6 Kh6 67. Rg5 Rxd4+ 1-0

[Event "Mallorca-chT"]
[Site "Palma de Mallorca"]
[Date "2002.03.17"]
[Round "8.3"]
[White "Sanchez Marin, Justo"]
[Black "Oneto Zarco, Jose"]
[Result "1-0"]
[WhiteElo "2084"]
[BlackElo "2119"]
[PlyCount "89"]
[EventDate "2002.??.??"]
[EventType "team"]
[EventRounds "10"]
[EventCountry "ESP"]
[SourceTitle "EXT 2003"]
[Source "ChessBase"]
[SourceDate "2002.11.25"]
[SourceVersion "1"]
[SourceVersionDate "2002.11.25"]
[SourceQuality "1"]

1. e4 c6 2. d4 d5 3. exd5 cxd5 4. Bd3 Nc6 5. c3 Nf6 6. Bf4 e6 7. Nd2 Bd6 8. Bxd6 Qxd6 9. Ngf3 0-0 10. 0-0 Rd8 11. Re1 a6 12. a4 Rb8 13. Qe2 Qc7 14. g3 Bd7 15. Ne5 Be8 16. f4 Ne7 17. Ndf3 b5 18. Ng5 bxa4 19. Bxa6 Qb6 20. Reb1 h6 21. Ngf3 Ne4 22. Bd3 f6 23. Ng4 f5 24. Ne3 Ra8 25. Nc2 Bh5 26. Kg2 Rdb8 27. Qe1 Bxf3+ 28. Kxf3 Nc6 29. Kg2 Qd8 30. Qe2 Ra5 31. Ra2 Qd6 32. Rba1 Rb6 33. Ne3 Qb8 34. Nd1 Qa8 35. Qc2 Rb3 36. Qc1 Nxd4 37. Bxe4 dxe4 38. cxd4 e3+ 39. Kg1 Qf3 40. Qc2 e2 41. Nf2 Re3 42. Re1 Qh5 43. Qd2 Rxg3+ 44. hxg3 Qf3 45. Ra3 1-0

[Event "Mallorca-chT"]
[Site "Palma de Mallorca"]
[Date "2002.03.09"]
[Round "7.4"]
[White "Gonzalez, Alejandro"]
[Black "Oneto Zarco, Jose"]
[Result "1/2-1/2"]
[WhiteElo "2067"]
[BlackElo "2119"]
[PlyCount "59"]
[EventDate "2002.??.??"]
[EventType "team"]
[EventRounds "10"]
[EventCountry "ESP"]
[SourceTitle "EXT 2003"]
[Source "ChessBase"]
[SourceDate "2002.11.25"]
[SourceVersion "1"]
[SourceVersionDate "2002.11.25"]
[SourceQuality "1"]

1. e4 c5 2. Nf3 d6 3. d4 cxd4 4. Nxd4 Nf6 5. Nc3 g6 6. f3 Bg7 7. Be3 Nc6 8. Qd2 0-0 9. g4 a6 10. h4 h5 11. gxh5 Nxh5 12. 0-0-0 Bd7 13. Be2 Rc8 14. Kb1 Na5 15. Rdg1 Nc4 16. Bxc4 Rxc4 17. Rg5 Kh7 18. Rhg1 e6 19. Qd3 Rc5 20. Rxc5 dxc5 21. Nb3 c4 22. Qxc4 Qxh4 23. Qc7 Bc6 24. Nd4 Qd8 25. Qxd8 Rxd8 26. Nxc6 bxc6 27. Rd1 Rxd1+ 28. Nxd1 f5 29. exf5 exf5 30. c3 1/2-1/2

[Event "Mallorca-chT"]
[Site "Palma de Mallorca"]
[Date "2002.02.09"]
[Round "4.4"]
[White "Oneto Zarco, Jose"]
[Black "Planas, Juan"]
[Result "1-0"]
[WhiteElo "2119"]
[BlackElo "2208"]
[PlyCount "81"]
[EventDate "2002.??.??"]
[EventType "team"]
[EventRounds "10"]
[EventCountry "ESP"]
[SourceTitle "EXT 2003"]
[Source "ChessBase"]
[SourceDate "2002.11.25"]
[SourceVersion "1"]
[SourceVersionDate "2002.11.25"]
[SourceQuality "1"]

1. c4 Nf6 2. Nc3 c6 3. g3 g6 4. Bg2 Bg7 5. e4 d6 6. d4 0-0 7. Nge2 e5 8. 0-0 Nbd7 9. h3 Re8 10. Be3 exd4 11. Bxd4 Nb6 12. b3 Be6 13. Nf4 c5 14. Be3 Ng4 15. hxg4 Bxc3 16. Rc1 Bg7 17. Nxe6 fxe6 18. Qd2 Qe7 19. Bg5 Qf8 20. Rcd1 Bd4 21. Be3 e5 22. f4 Qg7 23. g5 Nd7 24. Kh2 h6 25. f5 hxg5 26. Bxg5 gxf5 27. Bh6 Qh7 28. Rxf5 Re6 29. Rh5 Rf8 30. Bh3 Rg6 31. Bf5 Rxf5 32. exf5 Rg4 33. Rg5+ Rxg5 34. Qxg5+ Kf7 35. Qh5+ Kf6 36. Bg5+ Kg7 37. f6+ Kg8 38. f7+ Kg7 39. Qxh7+ Kxh7 40. Be7 Kg7 41. Rf1 1-0

[Event "Mallorca-ch 0102 Preferente"]
[Site "Palma de Mallorca"]
[Date "2001.12.15"]
[Round "7"]
[White "Oneto Zarco, Jose"]
[Black "Pomar Mir, Francisco"]
[Result "1-0"]
[WhiteElo "2119"]
[BlackElo "2054"]
[PlyCount "57"]
[EventDate "2001.10.06"]
[EventType "swiss"]
[EventRounds "7"]
[EventCountry "ESP"]
[SourceTitle "EXT 2003"]
[Source "ChessBase"]
[SourceDate "2002.11.25"]
[SourceVersion "1"]
[SourceVersionDate "2002.11.25"]
[SourceQuality "1"]

1. d4 e6 2. c4 Nf6 3. Nc3 Bb4 4. Bg5 c5 5. Nf3 0-0 6. e3 d6 7. Bd3 Nbd7 8. 0-0 Bxc3 9. bxc3 Qc7 10. Nd2 e5 11. f4 h6 12. fxe5 dxe5 13. Bh4 Re8 14. Qf3 Re6 15. d5 Ra6 16. Ne4 g5 17. Bg3 Kg7 18. d6 Rxd6 19. Nxd6 Qxd6 20. Rad1 Qe7 21. Bf5 Nb6 22. h4 Nxc4 23. hxg5 hxg5 24. Bxc8 Rxc8 25. Qf5 Rc6 26. Qxg5+ Kf8 27. Bh4 Nd5 28. Rxd5 Qxg5 29. Bxg5 1-0

[Event "Mallorca-chT Preferente"]
[Site "Palma de Mallorca"]
[Date "2001.02.24"]
[Round "7.3"]
[White "Astorga Talavera, Francisco"]
[Black "Oneto Zarco, Jose"]
[Result "1/2-1/2"]
[WhiteElo "2112"]
[BlackElo "2126"]
[PlyCount "106"]
[EventDate "2001.01.13"]
[EventType "team"]
[EventRounds "14"]
[EventCountry "ESP"]
[SourceTitle "EXT 2002"]
[Source "ChessBase"]
[SourceDate "2001.11.25"]
[SourceVersion "1"]
[SourceVersionDate "2001.11.25"]
[SourceQuality "1"]

1. e4 c6 2. d4 d5 3. e5 Bf5 4. Nf3 e6 5. Be2 Ne7 6. Be3 Ng6 7. 0-0 Be7 8. c4 0-0 9. b3 Nd7 10. Nc3 Nh4 11. Nxh4 Bxh4 12. Qd2 Be7 13. f4 Bb4 14. a3 Bxc3 15. Qxc3 Rc8 16. Bf3 h6 17. g4 Bh7 18. Bg2 f5 19. g5 hxg5 20. fxg5 Bg6 21. h4 Bh5 22. Rac1 Nb6 23. a4 dxc4 24. bxc4 Nxa4 25. Qb3 Nb6 26. Rc2 Qd7 27. Ra2 Ra8 28. d5 cxd5 29. Bxb6 dxc4 30. Qa3 axb6 31. Qxa8 Rxa8 32. Rxa8+ Kh7 33. Bf3 Bxf3 34. Rxf3 Qd4+ 35. Kg2 c3 36. Rg3 Qe4+ 37. Kh2 Kg6 38. h5+ Kf7 39. g6+ Ke7 40. h6 Qh4+ 41. Rh3 Qf2+ 42. Kh1 c2 43. Rc8 gxh6 44. g7 Qf1+ 45. Kh2 c1Q 46. Rxc1 Qf2+ 47. Kh1 Kf7 48. Rg1 Kg8 49. Rxh6 Qf3+ 50. Rg2 Qf1+ 51. Rg1 Qf3+ 52. Rg2 Qf1+ 53. Rg1 Qf3+ 1/2-1/2

[Event "Mallorca-chT Preferente"]
[Site "Palma de Mallorca"]
[Date "2001.02.17"]
[Round "6.6"]
[White "Moll, Xisco"]
[Black "Oneto Zarco, Jose"]
[Result "1-0"]
[WhiteElo "2130"]
[BlackElo "2126"]
[PlyCount "69"]
[EventDate "2001.01.13"]
[EventType "team"]
[EventRounds "14"]
[EventCountry "ESP"]
[SourceTitle "EXT 2002"]
[Source "ChessBase"]
[SourceDate "2001.11.25"]
[SourceVersion "1"]
[SourceVersionDate "2001.11.25"]
[SourceQuality "1"]

1. e4 c6 2. d4 d5 3. e5 Bf5 4. Bd3 Bxd3 5. Qxd3 e6 6. Ne2 Qb6 7. c3 c5 8. 0-0 cxd4 9. cxd4 Ne7 10. Nbc3 Nf5 11. Nxd5 Qa5 12. Ne3 Nxe3 13. fxe3 Be7 14. e4 Nc6 15. Qg3 g5 16. Be3 Rf8 17. Nc3 Nb4 18. a3 Nc2 19. Rac1 Nxe3 20. Qxe3 Rd8 21. Kh1 Qb6 22. Qe2 a6 23. d5 Rb8 24. b4 Qd4 25. dxe6 Qxe5 26. exf7+ Rxf7 27. Qh5 Qg7 28. Nd5 Qg6 29. Qxg6 hxg6 30. Rxf7 Kxf7 31. Rc7 Re8 32. Rxb7 Kf8 33. Nxe7 Rxe7 34. Rxe7 Kxe7 35. Kg1 1-0

[Event "Mallorca-ch pref"]
[Site "Palma de Mallorca"]
[Date "2000.10.28"]
[Round "2"]
[White "Oneto Zarco, Jose"]
[Black "Manresa Ballester, Guillermo"]
[Result "1-0"]
[WhiteElo "2126"]
[BlackElo "2001"]
[PlyCount "55"]
[EventDate "2000.??.??"]
[EventType "swiss"]
[EventRounds "8"]
[EventCountry "ESP"]
[SourceTitle "EXT 2003"]
[Source "ChessBase"]
[SourceDate "2002.11.25"]
[SourceVersion "1"]
[SourceVersionDate "2002.11.25"]
[SourceQuality "1"]

1. e4 e5 2. Nf3 Nc6 3. Bc4 Be7 4. d4 d6 5. d5 Nb8 6. Bd3 Nf6 7. h3 Nbd7 8. Be3 Nb6 9. c4 c5 10. 0-0 0-0 11. Nc3 Ne8 12. Qc2 g6 13. Nd2 f5 14. f4 exf4 15. Bxf4 g5 16. Bh2 f4 17. e5 dxe5 18. Bxh7+ Kh8 19. Bd3 Nd6 20. Rae1 Bf6 21. Nce4 Nf5 22. Qd1 Kg7 23. Nxf6 Qxf6 24. Ne4 Qd8 25. Qh5 Rh8 26. Qxg5+ Qxg5 27. Nxg5 Ne3 28. Rxe3 1-0